书目信息 |
| 题名: |
新汉英翻译教程
|
|
| 作者: | 范勇 主编 | |
| 分册: | ||
| 出版信息: | 南京 南京大学出版社 2006.12 |
|
| 页数: | 254页 | |
| 开本: | 20cm | |
| 丛书名: | ||
| 单 册: | ||
| 中图分类: | H315.9 | |
| 科图分类: | ||
| 主题词: | 英语--ying yu--翻译--高等学校--教材 | |
| 电子资源: | ||
| ISBN: | 978-7-305-04965-1 | |
| 000 | 00908nam0 2200253 450 | |
| 001 | 012008277722 | |
| 005 | 20080414112619.42 | |
| 010 | @a978-7-305-04965-1@dCNY15.00 | |
| 100 | @a20080412d2006 em y0chiy0120 ea | |
| 101 | 0 | @achi@aeng |
| 102 | @aCN@b320000 | |
| 105 | @ay a 000yy | |
| 106 | @ar | |
| 200 | 1 | @a新汉英翻译教程@Axin han ying fan yi jiao cheng@f主编范勇@Fzhu bian fan yong |
| 210 | @a南京@c南京大学出版社@d2006.12 | |
| 215 | @a254页@d20cm | |
| 320 | @a有书目 (第252-254页) | |
| 330 | @a本教程针对《高校英语专业教学大纲》中翻译技能八级的要求,吸收比较语言学、语义学、语用学、修辞学、篇章语言学、比较文化研究等相关理论成果,详细讲解汉译英的原理等。 | |
| 517 | 1 | @a汉英翻译教程@Ahan ying fan yi jiao cheng |
| 606 | 0 | @a英语@Aying yu@x翻译@x高等学校@j教材 |
| 690 | @aH315.9@v4 | |
| 701 | 0 | @a范勇@Afan yong@4主编 |
| 801 | 0 | @aCN@bQSSK@c20080414 |
| 905 | @b291559-61@dH315.9@eF152@f3 | |
| 新汉英翻译教程/主编范勇.-南京:南京大学出版社,2006.12 |
| 254页;20cm |
| ISBN 978-7-305-04965-1:CNY15.00 |
| 本教程针对《高校英语专业教学大纲》中翻译技能八级的要求,吸收比较语言学、语义学、语用学、修辞学、篇章语言学、比较文化研究等相关理论成果,详细讲解汉译英的原理等。 |
| ● |
| 相关链接 |
|
|
|
正题名:新汉英翻译教程
索取号:H315.9/F152
 
预约/预借
| 序号 | 登录号 | 条形码 | 馆藏地/架位号 | 状态 | 备注 |
| 1 | 291559 | 202915596 | 语言库209/209语言库 9排1列5层/ [索取号:H315.9/F152] | 在馆 | |
| 2 | 291560 | 202915603 | 语言库209/209语言库 9排1列5层/ [索取号:H315.9/F152] | 在馆 | |
| 3 | 291561 | 202915612 | 语言库209/209语言库 9排1列5层/ [索取号:H315.9/F152] | 在馆 |